Ensayos sobre la teoría de los precios (Registro nro. 3668)

Detalles MARC
000 -LEADER
fixed length control field 00917 a2200253 4500
001 - CONTROL NUMBER
control field 43216
005 - DATE AND TIME OF LATEST TRANSACTION
control field 20260407155716.0
008 - FIXED-LENGTH DATA ELEMENTS--GENERAL INFORMATION
fixed length control field 260407a1960 arg spa d
003 - CONTROL NUMBER IDENTIFIER
control field AR-UNSa-BCEJYS
040 ## - CATALOGING SOURCE
Original cataloging agency AR-UNSa-BCEJYS
Language of cataloging spa
Transcribing agency AR-UNSa-BCEJYS
080 ## - UNIVERSAL DECIMAL CLASSIFICATION NUMBER
Universal Decimal Classification number 338.5.01
Common auxiliary subdivision Teorías de los precios<br/>
041 ## - LANGUAGE CODE
Language code of text/sound track or separate title spa
100 1# - MAIN ENTRY--PERSONAL NAME
Personal name Stigler, George J.
245 10 - TITLE STATEMENT
Title Ensayos sobre la teoría de los precios
264 #1 - PRODUCTION, PUBLICATION, DISTRIBUTION, MANUFACTURE, AND COPYRIGHT NOTICE
Place of production, publication, distribution, manufacture Madrid :
Name of producer, publisher, distributor, manufacturer Aguilar
Date of production, publication, distribution, manufacture, or copyright notice 1960
300 ## - PHYSICAL DESCRIPTION
Extent xv, 526 p.
Dimensions 22 cm.
505 ## - FORMATTED CONTENTS NOTE
Formatted contents note 1. La utilidad y la demanda - 2. Costes y rendimientos - 3. los "stocks" en la teoría de los precios - 4. Teoría de la empresa - 5. La competencia imperfecta - 6. LA competencia espacial - 7. Teoría de los juegos
590 ## - LOCAL NOTE (RLIN)
Local note niveau_biblio:m niveau_hierar:0
700 1# - ADDED ENTRY--PERSONAL NAME
Personal name Boulding, Kenneth E.
700 1# - ADDED ENTRY--PERSONAL NAME
Personal name Culebras, Josefina
700 1# - ADDED ENTRY--PERSONAL NAME
Personal name Barinaga Blanco, Jose Luis
700 1# - ADDED ENTRY--PERSONAL NAME
Personal name Platas, Gonzalo
942 ## - ADDED ENTRY ELEMENTS (KOHA)
Koha item type
Existencias
Withdrawn status Lost status Damaged status Not for loan Home library Current library Shelving location Date acquired Total checkouts Full call number Barcode Date last seen Price effective from Koha item type
        Biblioteca Prof. Eusebio Cleto del Rey Biblioteca Prof. Eusebio Cleto del Rey   07/04/2026   338.5.01 S854t L20335 07/04/2026 07/04/2026 Libro